书目信息 |
| 题名: |
物理学史
|
|
| 作者: | 卡约里 著 ;戴念祖 译 | |
| 分册: | ||
| 出版信息: | 呼和浩特 内蒙古人民出版社 1981.9 |
|
| 页数: | 457页 | |
| 开本: | 20cm | |
| 丛书名: | ||
| 单 册: | ||
| 中图分类: | O4-09 | |
| 科图分类: | ||
| 主题词: | 物理学 | |
| 电子资源: | ||
| ISBN: | ||
| 000 | 00532nam0 2200205 45 | |
| 001 | 0312221749 | |
| 005 | 20031222171110.0 | |
| 010 | @dCNY1.80 | |
| 100 | @a20031222d1981 km y0chiy0120 ea | |
| 101 | @achi | |
| 105 | @a z 000yy | |
| 200 | 1 | @a物理学史@AWu Li Xue Shi@f卡约里著@FKa Yue Li Zhu@g戴念祖译 |
| 210 | @a呼和浩特@c内蒙古人民出版社@d1981.9 | |
| 215 | @a457页@d20cm | |
| 606 | 0 | @a物理学 |
| 690 | @aO4-09@v3 | |
| 701 | 0 | @a卡约里@4著 |
| 702 | 0 | @a戴念祖@4译 |
| 801 | @aCN@bTSTCL@c20031222 | |
| 905 | @a213230@dO4-09@e145 | |
| 物理学史/卡约里著/戴念祖译.-呼和浩特:内蒙古人民出版社,1981.9 |
| 457页;20cm |
| ISBN :CNY1.80 |
| ● |
| 相关链接 |
|
|
|
|
正题名:物理学史
索取号:O4-09/145
 
预约/预借
| 序号 | 登录号 | 条形码 | 馆藏地/架位号 | 状态 | 备注 |
| 1 | 0158175 | 202103525 | 第二样本阅览室/ [索取号:O4-09/145] | 在馆 |